|
|
|
|
| LEADER |
01548nam a2200397 4500 |
| 001 |
ocm23107132 |
| 003 |
OCoLC |
| 005 |
20180501121907.0 |
| 008 |
910215s1990 ne b 001 0 eng d |
| 040 |
|
|
|a ESU
|b eng
|c ESU
|d BAKER
|d OCLCQ
|d OCLCG
|d YDXCP
|d BMY
|d WQM
|d ZWZ
|d BDX
|d OCLCQ
|d OCLCF
|d OCLCO
|d OCLCQ
|d OCLCO
|d GrThAP
|
| 019 |
|
|
|a 22975417
|
| 020 |
|
|
|a 0444813462
|
| 020 |
|
|
|a 9780444813466
|
| 035 |
|
|
|a (OCoLC)23107132
|z (OCoLC)22975417
|
| 050 |
|
4 |
|a RM302.5
|b .D6 1990
|
| 060 |
|
4 |
|a QV 38 S568 1990
|
| 082 |
0 |
4 |
|a 615.7042
|b SID
|
| 049 |
|
|
|a TEFA
|
| 245 |
0 |
0 |
|a Side effects of drugs annual 14 :
|b a worldwide yearly survey of new data and trends /
|c editors, M.N.G. Dukes, L. Beeley.
|
| 260 |
|
|
|a Amsterdam ;
|a New York :
|b Elsevier,
|c 1990.
|
| 300 |
|
|
|a xxiv, 504 pages ;
|c 25 cm
|
| 336 |
|
|
|a text
|b txt
|2 rdacontent
|
| 337 |
|
|
|a unmediated
|b n
|2 rdamedia
|
| 338 |
|
|
|a volume
|b nc
|2 rdacarrier
|
| 504 |
|
|
|a Includes bibliographical references and indexes.
|
| 650 |
|
0 |
|a Drugs
|v Periodicals.
|
| 650 |
|
0 |
|a Drugs
|x Side effects.
|
| 650 |
|
2 |
|a Drug Therapy
|x adverse effects.
|
| 650 |
|
7 |
|a Préparations pharmaceutiques
|x effets indésirables.
|2 fmesh
|
| 650 |
|
7 |
|a Interactions médicamenteuses.
|2 fmesh
|
| 650 |
|
7 |
|a Drugs.
|2 fast
|0 (OCoLC)fst00898761
|
| 650 |
|
7 |
|a Drugs
|x Side effects.
|2 fast
|0 (OCoLC)fst00898912
|
| 655 |
|
7 |
|a Periodicals.
|2 fast
|0 (OCoLC)fst01411641
|
| 700 |
1 |
|
|a Dukes, M. N. G.
|q (Maurice Nelson Graham)
|
| 700 |
1 |
|
|a Beeley, Linda.
|
| 856 |
4 |
0 |
|u https://www.sciencedirect.com/science/bookseries/03786080/14
|z Full Text via HEAL-Link
|